000 00650nam a2200277Ia 4500
005 20260324120336.0
008 008 260324s9999 xx 000 0 eng d
020 _a9780429170492
037 _aEBOOK
040 _aCRL
040 _beng
040 _cCRL
041 _2eng
041 _aeng
084 _qCRL
100 _aEzzat G. Bakhoum
_91158182
245 0 _aMicro- and Nano-Scale Sensors and Transducers
260 _bTaylor and Francis
260 _c2015
365 _a
365 _b210
856 _uhttp://www.taylorfrancis.com/books/9780429170492
942 _cEBOOK
999 _c1749670
_d1749670